000 01119nam a2200313 a 4500
001 000024579
005 20260114124842.0
008 110131s1992 sp r 000 | spa d
020 _a848661502X
040 _aDO-SdBNP
_bspa
_cBNPHU
041 1 7 _aeng
_hspa
_2MARC21
082 _a294.3923
_bM478a, 1995
100 1 _aMcDonald, Kathleen,
_d1952-
_950403
240 1 0 _aHow to meditate. A practical guide.
_lEspañol
245 1 4 _aAprendiendo de los lamas :
_buna guía práctica para la meditación /
_cKathleen McDonald; traducción Basili Llorca Martínez; ilustración Robert Beer.
250 _a3a ed.
260 _aEspaña :
_bEdiciones Dharma ,
_c1992.
300 _a244 p. :
_bil. ;
_c21 cm.
490 1 _aTesoros del Budismo Tibetano.
534 _aTítulo original :
_tHow to meditate. A practical guide
650 4 _aLamaismo
_950404
650 4 _aBudismo
_93429
650 4 _aPensamiento religioso
_950405
650 0 _aMeditaciones
_95988
700 1 _aLlorca Martínez, Basili
_etr.
_950406
700 1 _aBeer, Robert
_eil.
_950407
830 0 _aTesoros del Budismo Tibetano.
_950408
049 _aBNGR
999 _c24072
_d24072